Online Catalogue and eLibrary

Forum 95 : (Record no. 906)

MARC details
000 -LEADER
fixed length control field 00254nam a2200097Ia 4500
008 - FIXED-LENGTH DATA ELEMENTS--GENERAL INFORMATION
fixed length control field 240331s9999 xx 000 0 und d
082 ## - DDC Classification
Class No. 305.406
Item Number - Author Mark FOR
100 ## - MAIN ENTRY--PERSONAL NAME
Personal name NGO forum on women Beijin. ed
245 #0 - TITLE STATEMENT
Title Forum 95 :
Remainder of title NGO forum on women Beijin 95
942 ## - Koha item type (Biblio)
Koha item type Books in Stacks (Lending)
Holdings
Lost status Damaged status Collection code Home library Current library Shelving location Date acquired Full call number Accession Number Item type
    Lending WERC Library WERC Library Social Science Cupboard 03/31/2024 305.406 FOR 2285 Books in Stacks (Lending)

© WERC Library